Etnorregión Yoreme en Sinaloa / (Record no. 162931)

MARC details
000 -CABECERA
campo de control de longitud fija 00811nam a2200229 u 4500
005 - FECHA Y HORA DE LA ÚLTIMA TRANSACCIÓN
campo de control 20230302063646.0
008 - ELEMENTOS DE LONGITUD FIJA--INFORMACIÓN GENERAL
campo de control de longitud fija 130424s2012 r 000 0 eng d
020 ## - NÚMERO INTERNACIONAL NORMALIZADO PARA LIBROS
Número Internacional Estándar del Libro 9786077796435
035 ## - NÚMERO DE CONTROL DEL SISTEMA
Número de control de sistema UPN01000190828
049 ## - COLECCIÓN
Colección CG
050 #4 - SIGNATURA TOPOGRÁFICA DE LA BIBLIOTECA DEL CONGRESO
Número de clasificación F1221 M3
Número de documento/Ítem G8.3
100 1# - ASIENTO PRINCIPAL--NOMBRE PERSONAL
Nombre de persona Guerra García, Ernesto
9 (RLIN) 34014
245 10 - MENCIÓN DE TÍTULO
Título Etnorregión Yoreme en Sinaloa /
Mención de responsabilidad, etc. Ernesto Guerra García, Eduardo Andrés Sandoval Forero, Fortunato Ruiz Martínez.
260 ## - PUBLICACIÓN, DISTRIBUCIÓN, ETC.
Lugar de publicación, distribución, etc. México :
Nombre del editor, distribuidor, etc. Ediciones del Lirio :
-- UPN,
Fecha de publicación, distribución, etc. 2012.
300 ## - DESCRIPCIÓN FÍSICA
Extensión 139 p. :
Otras características físicas tablas, papas, il.
650 #4 - ASIENTO SECUNDARIO DE MATERIA - TERMINO TEMATICO
Término de materia o nombre geográfico como elemento de entrada MAYOS -
Subdivisión general VIDA SOCIAL Y COSTUMBRES
9 (RLIN) 8578
610 24 - ASIENTO SECUNDARIO DE MATERIA - NOMBRE CORPORATIVO
Nombre de entidad corporativa o nombre de jurisdicción como elemento de entrada UNIVERSIDAD AUTONOMA INDIGENA DE MEXICO
9 (RLIN) 22250
700 1# - ASIENTO SECUNDARIO--NOMBRE DE PERSONAL
Nombre de persona Sandoval Forero, Eduardo
Término indicativo de función/relación coaut.
9 (RLIN) 34631
700 1# - ASIENTO SECUNDARIO--NOMBRE DE PERSONAL
Nombre de persona Ruiz Martínez, Fortunato,
Término indicativo de función/relación coaut.
905 ## - TIPO DE MATERIAL
Tipo de material Libro
Holdings
Estado de retiro Estado de pérdida Fuente del sistema de clasificación o colocación Estado dañado No para préstamo Código de colección Localización permanente Ubicación/localización actual Ubicación en estantería Total de préstamos Clasificación Código de barras Fecha visto por última vez Número de copia Tipo de ítem Koha
    Library of Congress Classification     Colección General Bib. Gregorio Torres Quintero Bib. Gregorio Torres Quintero Planta baja   F1221 M3 G8.3 287787 31/12/2020 1 Libro